[Event "ROM-ch U10"]
[Site "Baile Felix"]
[Date "2017.02.09"]
[Round "9"]
[White "Pachitanu, Matei"]
[Black "Borza, Alexandru Ionut"]
[Result "1-0"]
[WhiteElo "1270"]
[BlackElo "1086"]
[PlyCount "83"]
[EventDate "2017.02.02"]
[EventType "swiss"]
[EventRounds "9"]
[EventCountry "ROU"]
[SourceTitle "CBM 176 Extra"]
[Source "ChessBase"]
[SourceDate "2017.03.02"]
[SourceVersion "1"]
[SourceVersionDate "2017.03.02"]
[SourceQuality "1"]

1. e4 c5 2. Nc3 g6 3. Nf3 Bg7 4. Bb5 a6 5. Be2 Nc6 6. d3 Nf6 7. Be3 b6 8. 0-0 d5 9. exd5 Nxd5 10. Nxd5 Qxd5 11. Qc1 0-0 12. Bh6 Rd8 13. Re1 Bf6 14. Bf1 Bg4 15. Be2 Rd6 16. Bf4 Rdd8 17. h3 Bf5 18. Bf1 e5 19. Bg5 Qd6 20. g4 Bd7 21. Bg2 Rac8 22. Bxf6 Qxf6 23. Qh6 Re8 24. Ng5 Qg7 25. Qh4 Nd4 26. Rac1 Bc6 27. c3 Nb5 28. Ne4 Re6 29. Ng5 Rd6 30. Rxe5 f6 31. Ne6 Qe7 32. Ng5 fxe5 33. Re1 Qg7 34. Rxe5 Bxg2 35. Kxg2 Rxd3 36. Nf3 Rf8 37. Re7 Qh8 38. Ng5 h6 39. Ne6 g5 40. Nxg5 hxg5 41. Qxg5+ Qg7 42. Qxg7# 1-0

[Event "ROM-ch U10"]
[Site "Baile Felix"]
[Date "2017.02.08"]
[Round "8"]
[White "Borza, Alexandru Ionut"]
[Black "Chiu, Vlad Stefan"]
[Result "1-0"]
[WhiteElo "1086"]
[BlackElo "1370"]
[PlyCount "47"]
[EventDate "2017.02.02"]
[EventType "swiss"]
[EventRounds "9"]
[EventCountry "ROU"]
[SourceTitle "CBM 176 Extra"]
[Source "ChessBase"]
[SourceDate "2017.03.02"]
[SourceVersion "1"]
[SourceVersionDate "2017.03.02"]
[SourceQuality "1"]

1. d4 f5 2. Nf3 e6 3. Bf4 Nf6 4. e3 d5 5. Nc3 c6 6. Be2 Bb4 7. Qd3 Ne4 8. 0-0 0-0 9. a3 Bxc3 10. bxc3 Nd7 11. c4 Ndf6 12. Nd2 Nxd2 13. Qxd2 Ne4 14. Qd3 dxc4 15. Qd1 Nc3 16. Qe1 Nxe2+ 17. Qxe2 Qd5 18. Be5 b6 19. f3 Ba6 20. e4 fxe4 21. fxe4 Rxf1+ 22. Rxf1 Qa5 23. Qg4 g6 24. Qxe6# 1-0

[Event "ROM-ch U10"]
[Site "Baile Felix"]
[Date "2017.02.03"]
[Round "2"]
[White "Borza, Alexandru Ionut"]
[Black "Sachilaru, Alexandru"]
[Result "0-1"]
[WhiteElo "1086"]
[BlackElo "1001"]
[PlyCount "119"]
[EventDate "2017.02.02"]
[EventType "swiss"]
[EventRounds "9"]
[EventCountry "ROU"]
[SourceTitle "CBM 176 Extra"]
[Source "ChessBase"]
[SourceDate "2017.03.02"]
[SourceVersion "1"]
[SourceVersionDate "2017.03.02"]
[SourceQuality "1"]

1. d4 d5 2. c4 Nf6 3. Nc3 Bf5 4. Bg5 e6 5. Nf3 Be7 6. e3 Bg4 7. h3 Bh5 8. c5 Ne4 9. Bxe7 Qxe7 10. Be2 f5 11. Ne5 Bxe2 12. Qxe2 Nd7 13. Nxd7 Qxd7 14. Qb5 Nxc3 15. Qxd7+ Kxd7 16. bxc3 g5 17. f3 h5 18. g3 h4 19. g4 b6 20. cxb6 cxb6 21. Kd2 Rac8 22. Rhg1 Rc7 23. gxf5 exf5 24. Rxg5 Ke6 25. Rg6+ Kd7 26. Rf6 Rg8 27. Rh1 Rg2+ 28. Kd3 Rxa2 29. Rxf5 Ke6 30. Re5+ Kd6 31. f4 a5 32. f5 Ra3 33. Rc1 a4 34. Re6+ Kd7 35. Rxb6 Rb3 36. Ra6 a3 37. f6 Kc8 38. Ra4 Kb7 39. Rb4+ Rxb4 40. cxb4 Rxc1 41. f7 Rf1 42. Kc3 Rxf7 43. Kb3 Rf3 44. Kxa3 Rxe3+ 45. Ka4 Rxh3 46. b5 Rg3 47. Kb4 h3 48. Kc5 h2 49. Kxd5 h1Q+ 50. Kc5 Rc3+ 51. Kd6 Qh6+ 52. Kd5 Qg5+ 53. Kd6 Qf6+ 54. Kd5 Rd3 55. b6 Qxd4+ 56. Ke6 Re3+ 57. Kf5 Qe4+ 58. Kf6 Rf3+ 59. Kg5 Rg3+ 60. Kf6 0-1